[Event "CTO DE ESPANA DE SELECCIONES AUTONOMICAS"]
[Site "Hotel La Borona, Gijon (Asturi"]
[Date "2011.04.29"]
[Round "1.4"]
[White "Santos Latasa, Jaime"]
[Black "Sanchez Aller, Fernando"]
[Result "1/2-1/2"]
[WhiteElo "2227"]
[BlackElo "2339"]
[PlyCount "140"]
[EventDate "2011.04.29"]

1. d4 Nf6 2. c4 e6 3. Nc3 Bb4 4. Qc2 c5 5. dxc5 Bxc3+ 6. Qxc3 Ne4 7. Qc2 Qa5+
8. Bd2 Nxd2 9. Qxd2 Qxd2+ 10. Kxd2 Na6 11. g3 Nxc5 12. Bg2 a5 13. Nf3 Ra6 14.
Nd4 Rb6 15. b3 d6 16. Rab1 Bd7 17. a3 Na6 18. b4 axb4 19. axb4 Ke7 20. b5 Nc7
21. e4 Rc8 22. Rhc1 Ne8 23. Bf1 Nf6 24. Bd3 Be8 25. Ne2 Nd7 26. Nc3 Nc5 27. Ke3
f6 28. f4 Bf7 29. Be2 Rc7 30. Rd1 g6 31. g4 g5 32. f5 exf5 33. exf5 Kd8 34. Rd4
Re7+ 35. Kf2 d5 36. Nxd5 Rd6 37. Rbd1 Bxd5 38. Rxd5 Rxd5 39. Rxd5+ Nd7 40. Bf3
Kc8 41. Rd6 Kc7 42. c5 Nxc5 43. Rxf6 Nd3+ 44. Kf1 Re1+ 45. Kg2 Rb1 46. Rf7+ Kd6
47. Rxb7 Rb2+ 48. Kg3 Rb3 49. Rb6+ Kc5 50. Re6 Nf4 51. Re4 Rxb5 52. f6 Ng6 53.
Re6 Rb6 54. Rxb6 Kxb6 55. Be4 Nf8 56. Bf5 Kc5 57. h4 h6 58. hxg5 hxg5 59. Kf3
Kd4 60. f7 Ke5 61. Bb1 Kf6 62. Ba2 Ke5 63. Ke3 Ng6 64. Kd3 Nf8 65. Kc4 Nd7 66.
Bb3 Ke6 67. Kd4+ Ke7 68. Bc4 Nf6 69. Be6 Nxg4 70. Bxg4 Kxf7 1/2-1/2

[Event "CTO DE ESPANA DE SELECCIONES AUTONOMICAS"]
[Site "Hotel La Borona, Gijon (Asturi"]
[Date "2011.04.29"]
[Round "1.5"]
[White "Hernandez Estevez, Yudania"]
[Black "Alonso Gorrin, Javier"]
[Result "1-0"]
[WhiteElo "2245"]
[BlackElo "1934"]
[PlyCount "59"]
[EventDate "2011.04.29"]

1. e4 c5 2. Nf3 e6 3. d4 cxd4 4. Nxd4 a6 5. Nc3 Qc7 6. Be2 Nf6 7. O-O Be7 8. f4
d6 9. Be3 O-O 10. Qe1 b6 11. Bf3 Bb7 12. Qg3 Rd8 13. Rad1 Nbd7 14. e5 dxe5 15.
fxe5 Bxf3 16. exf6 Qxg3 17. hxg3 Bxd1 18. fxe7 Re8 19. Rxd1 Ne5 20. Nf3 Nc4 21.
Bf2 Rxe7 22. b3 Na3 23. Bxb6 Rc8 24. Na4 Nb5 25. c4 Nc7 26. Ne5 f6 27. Nc6 Rf7
28. Nd8 Re7 29. Bc5 Re8 30. Nc6 1-0

[Event "CTO DE ESPANA DE SELECCIONES AUTONOMICAS"]
[Site "Hotel La Borona, Gijon (Asturi"]
[Date "2011.04.29"]
[Round "1.6"]
[White "Juanes Garcia, Olaya"]
[Black "Gomez Dieguez, David"]
[Result "1/2-1/2"]
[WhiteElo "1671"]
[BlackElo "1976"]
[PlyCount "122"]
[EventDate "2011.04.29"]

1. e4 e5 2. Nf3 Nc6 3. Bb5 f5 4. Bxc6 dxc6 5. Nc3 fxe4 6. Nxe4 Nf6 7. Qe2 Bg4
8. d3 Bd6 9. h3 Bxf3 10. Qxf3 Nxe4 11. Qxe4 Qf6 12. Be3 a6 13. O-O-O O-O-O 14.
Kb1 g6 15. g4 Rhf8 16. h4 Qf3 17. h5 Qxe4 18. dxe4 gxh5 19. Rxh5 Rg8 20. Rg1
Rd7 21. Kc1 Rg6 22. Rg3 b5 23. f3 Rf6 24. Bg5 Bc5 25. Rh1 Rg6 26. Bd2 Rgd6 27.
Rg2 Rf6 28. Rf1 Bb6 29. Rh2 Rdf7 30. Rh3 a5 31. Kd1 Rd7 32. Ke2 Rfd6 33. Bc1 a4
34. Rfh1 Ba5 35. Rxh7 Rd4 36. Rxd7 Kxd7 37. Rh6 Rc4 38. c3 b4 39. Kd3 Rc5 40.
Be3 Rb5 41. c4 Rb8 42. Rh7+ Ke6 43. g5 b3 44. a3 Rd8+ 45. Ke2 Rg8 46. Rh6+ Kd7
47. g6 Ke6 48. Bd2 Bxd2 49. Kxd2 c5 50. Ke3 Kf6 51. f4 exf4+ 52. Kxf4 Rd8 53.
Rh2 Kxg6 54. Rg2+ Kf6 55. e5+ Kf7 56. Rh2 Rd4+ 57. Kf5 Rxc4 58. e6+ Kg7 59.
Rh7+ Kf8 60. e7+ Ke8 61. Kf6 Rf4+ 1/2-1/2

[Event "CTO DE ESPANA DE SELECCIONES AUTONOMICAS"]
[Site "Hotel La Borona, Gijon (Asturi"]
[Date "2011.04.29"]
[Round "1.1"]
[White "Saenz Narciso, Miguel Angel"]
[Black "Herraiz Hidalgo, Herminio"]
[Result "1/2-1/2"]
[WhiteElo "2226"]
[BlackElo "2494"]
[PlyCount "63"]
[EventDate "2011.04.29"]

1. e4 e6 2. Nf3 d5 3. Nc3 Nf6 4. e5 Nfd7 5. d4 c5 6. dxc5 Nc6 7. Bf4 Be7 8. g3
Nxc5 9. Bg2 d4 10. Nb1 g5 11. Bc1 g4 12. Nfd2 Nxe5 13. O-O Bf6 14. b4 Ncd7 15.
Ne4 Bg7 16. Nd6+ Kf8 17. Nxb7 Qf6 18. Nd6 Nf3+ 19. Kh1 Nde5 20. Nd2 Bd7 21. b5
Rd8 22. a4 Kg8 23. Ba3 h5 24. h4 Nxd2 25. Qxd2 Nf3 26. Qa5 Kh7 27. Qxa7 Qg6 28.
Rad1 Be5 29. Qb7 Bxd6 30. Bxd6 Bxb5 31. axb5 Rxd6 32. Bxf3 1/2-1/2

[Event "CTO DE ESPANA DE SELECCIONES AUTONOMICAS"]
[Site "Hotel La Borona, Gijon (Asturi"]
[Date "2011.04.29"]
[Round "1.3"]
[White "Arnedo Ruiz, Alberto"]
[Black "Garcia Moral Garcia, Jose Danie"]
[Result "0-1"]
[WhiteElo "2019"]
[BlackElo "2317"]
[PlyCount "78"]
[EventDate "2011.04.29"]

1. e4 c5 2. Nf3 e6 3. d3 Nc6 4. g3 d6 5. Bg2 g6 6. O-O Bg7 7. Re1 Nge7 8. c3
O-O 9. Nbd2 b5 10. a3 Rb8 11. Nf1 e5 12. b4 a5 13. Qd2 h6 14. Bb2 Qb6 15. Ne3
Be6 16. d4 exd4 17. cxd4 Nxd4 18. Nxd4 cxd4 19. Nc2 axb4 20. axb4 Nc6 21. Ra3
Ra8 22. Rea1 Rxa3 23. Rxa3 Bc4 24. Kh1 Re8 25. f4 f5 26. e5 dxe5 27. fxe5 d3
28. Rxd3 Bxd3 29. Qxd3 Nxe5 30. Qb3+ Kh7 31. Bd4 Qc7 32. Bc5 Ng4 33. Bf1 Qc6+
34. Bg2 Qd7 35. Bd5 Rd8 36. Bf3 Qd2 37. Bxg4 fxg4 38. Be3 Qe2 39. Nd4 Qf1+ 0-1

[Event "CTO DE ESPANA DE SELECCIONES AUTONOMICAS"]
[Site "Hotel La Borona, Gijon (Asturi"]
[Date "2011.04.29"]
[Round "1.4"]
[White "Jimenez Martinez, Jose Vicente"]
[Black "Laguardia Ortega, Moises"]
[Result "1-0"]
[WhiteElo "2273"]
[BlackElo "2015"]
[PlyCount "49"]
[EventDate "2011.04.29"]

1. d4 Nf6 2. c4 e6 3. Nc3 Bb4 4. Qc2 O-O 5. e4 d6 6. a3 Bxc3+ 7. bxc3 e5 8. Bd3
Nc6 9. Ne2 b6 10. f4 Nh5 11. f5 Ba6 12. O-O Na5 13. g4 Nf6 14. g5 Nh5 15. f6 g6
16. Ng3 Nxg3 17. hxg3 Bxc4 18. Bxc4 Nxc4 19. d5 Qd7 20. Kg2 c6 21. Rh1 h5 22.
Qe2 cxd5 23. Rxh5 dxe4 24. Rh4 Qf5 25. Be3 1-0

[Event "CTO DE ESPANA DE SELECCIONES AUTONOMICAS"]
[Site "Hotel La Borona, Gijon (Asturi"]
[Date "2011.04.29"]
[Round "1.5"]
[White "Lopez Gil, Diego"]
[Black "Villasenor Rubio, Emilio Jose"]
[Result "0-1"]
[WhiteElo "1872"]
[BlackElo "2154"]
[PlyCount "70"]
[EventDate "2011.04.29"]

1. Nf3 g6 2. c4 Bg7 3. Nc3 d6 4. g3 e5 5. Bg2 f5 6. d3 Nf6 7. O-O O-O 8. Rb1 a5
9. a3 h6 10. b4 Nc6 11. b5 Ne7 12. Bb2 g5 13. Nd2 Rb8 14. Nd5 Nexd5 15. cxd5 b6
16. Nc4 f4 17. e4 Bd7 18. a4 g4 19. f3 fxg3 20. hxg3 Nh5 21. fxg4 Rxf1+ 22.
Bxf1 Nxg3 23. Ne3 Qh4 24. Bg2 h5 25. Nf5 Bxf5 26. gxf5 Bh6 27. Qf3 Bf4 28. d4
Qg5 29. dxe5 dxe5 30. Ba3 Kh8 31. Rb3 Rg8 32. Kf2 Qh4 33. Kg1 Nh1 34. Kf1 Rg3
35. Qd1 Rxb3 0-1

[Event "CTO DE ESPANA DE SELECCIONES AUTONOMICAS"]
[Site "Hotel La Borona, Gijon (Asturi"]
[Date "2011.04.30"]
[Round "2.1"]
[White "Del Rio De Angelis, Salvador G"]
[Black "Magem Badals, Jordi"]
[Result "1/2-1/2"]
[WhiteElo "2502"]
[BlackElo "2573"]
[PlyCount "77"]
[EventDate "2011.04.29"]

1. d4 d5 2. c4 c6 3. Nf3 Nf6 4. Nc3 e6 5. g3 dxc4 6. Bg2 Nbd7 7. a4 a5 8. O-O
Be7 9. e4 O-O 10. Bf4 b6 11. Qc2 Bb7 12. Rfd1 b5 13. axb5 cxb5 14. d5 Qb6 15.
d6 Bd8 16. Be3 Qa6 17. e5 Nd5 18. Nxd5 Bxd5 19. Rxd5 exd5 20. Qf5 Qc8 21. Nd4
Nc5 22. Qxc8 Rxc8 23. Bxd5 Nd3 24. Nc6 Nxb2 25. Bd4 Nd3 26. e6 Rxc6 27. Bxc6
fxe6 28. Bxb5 e5 29. Bxc4+ Kh8 30. Be3 Nb4 31. Bb3 g6 32. Rc1 Rf6 33. Rd1 Kg7
34. f4 Rf8 35. fxe5 Rf3 36. Bd4 Nc6 37. Bd5 Nxd4 38. Rxd4 Bb6 39. Kg2 1/2-1/2

[Event "CTO DE ESPANA DE SELECCIONES AUTONOMICAS"]
[Site "Hotel La Borona, Gijon (Asturi"]
[Date "2011.04.30"]
[Round "2.2"]
[White "Alsina Leal, Daniel"]
[Black "Llaneza Vega, Marcos"]
[Result "1-0"]
[WhiteElo "2538"]
[BlackElo "2473"]
[PlyCount "91"]
[EventDate "2011.04.29"]

1. e4 c5 2. Nf3 Nc6 3. d4 cxd4 4. Nxd4 Nf6 5. Nc3 e5 6. Ndb5 d6 7. Bg5 a6 8.
Na3 b5 9. Bxf6 gxf6 10. Nd5 f5 11. Bd3 Be6 12. c3 Bg7 13. Nxb5 axb5 14. Bxb5
Bd7 15. exf5 O-O 16. O-O e4 17. a4 Rc8 18. Qg4 Re8 19. Rad1 Re5 20. Ne3 Qf6 21.
Nc4 Rxb5 22. axb5 Ne5 23. Nxe5 Qxe5 24. Rfe1 Bxf5 25. Qe2 d5 26. b6 Bf8 27. b7
Rb8 28. Qb5 Bd6 29. g3 Be6 30. f4 Qg7 31. Rxd5 Bxd5 32. Qxd5 Bf8 33. Rxe4 Qg6
34. b4 Qb6+ 35. Kg2 Rxb7 36. Re8 Rc7 37. Qg5+ Qg6 38. Rxf8+ Kxf8 39. Qd8+ Kg7
40. Qxc7 Qe4+ 41. Kf2 Qc2+ 42. Ke3 Qxh2 43. Qe5+ Kg8 44. f5 Qg1+ 45. Kd3 h6 46.
f6 1-0

[Event "CTO DE ESPANA DE SELECCIONES AUTONOMICAS"]
[Site "Hotel La Borona, Gijon (Asturi"]
[Date "2011.04.30"]
[Round "2.3"]
[White "Recuero Guerra, David"]
[Black "Narciso Dublan, Marc"]
[Result "0-1"]
[WhiteElo "2455"]
[BlackElo "2551"]
[PlyCount "114"]
[EventDate "2011.04.29"]

1. e4 c6 2. d4 d5 3. Nc3 dxe4 4. Nxe4 Nf6 5. Nxf6+ exf6 6. Nf3 Bd6 7. Bc4 O-O
8. O-O Re8 9. h3 Nd7 10. Bb3 Nf8 11. c4 Ng6 12. c5 Bf8 13. Re1 Bf5 14. Be3 Be4
15. Nd2 Bd5 16. Bc2 Ne7 17. Bf4 Be6 18. Nf3 Nd5 19. Bg3 Qd7 20. a3 b6 21. cxb6
axb6 22. Rc1 g6 23. Bd3 Bh6 24. Ra1 Kg7 25. Qc2 Bf4 26. Bxf4 Nxf4 27. Qd2 Qd6
28. Re3 Bd5 29. Rae1 Bxf3 30. Rxf3 Rxe1+ 31. Qxe1 Qxd4 32. Qe4 Qxe4 33. Bxe4
Ne2+ 34. Kf1 Nd4 35. Rc3 Rc8 36. g4 f5 37. gxf5 gxf5 38. Bb1 Kf6 39. Rd3 c5 40.
Ba2 Rd8 41. Rc3 Rd6 42. b4 cxb4 43. axb4 Rc6 44. Ra3 Rc1+ 45. Kg2 Ra1 46. Ra7
Ke5 47. Ra8 Ne6 48. h4 Kf4 49. b5 Ke5 50. Ra3 f4 51. Ra7 Nd4 52. Re7+ Kd6 53.
Re4 f3+ 54. Kg3 Ne2+ 55. Kxf3 Rxa2 56. Rxe2 Rxe2 57. Kxe2 Kc5 0-1

[Event "CTO DE ESPANA DE SELECCIONES AUTONOMICAS"]
[Site "Hotel La Borona, Gijon (Asturi"]
[Date "2011.04.30"]
[Round "2.5"]
[White "Baragano Campa, David"]
[Black "Colon Garcia, Enrique"]
[Result "0-1"]
[WhiteElo "2175"]
[BlackElo "2288"]
[PlyCount "70"]
[EventDate "2011.04.29"]

1. e4 c5 2. c3 d5 3. exd5 Qxd5 4. Nf3 g6 5. d4 Bg7 6. Na3 cxd4 7. Nb5 Na6 8.
Be3 Nf6 9. Qxd4 O-O 10. Be2 Bg4 11. Qxd5 Nxd5 12. Bxa7 Nf4 13. g3 Nxe2 14. Kxe2
e5 15. h3 Bd7 16. a4 Be6 17. Nd2 Rfd8 18. Bb6 Rd7 19. h4 Bf8 20. b4 Rc8 21. Ne4
Bc4+ 22. Ke1 Kg7 23. Na7 Nxb4 24. f3 Nc2+ 25. Kf2 Nxa1 26. Nxc8 Nb3 27. Be3 f5
28. Nb6 Rc7 29. Ng5 Bg8 30. Rd1 h6 31. Nh3 Be6 32. Ng1 Rxc3 33. Ne2 Rxe3 34.
Kxe3 Bc5+ 35. Kd3 Bxb6 0-1

[Event "CTO DE ESPANA DE SELECCIONES AUTONOMICAS"]
[Site "Hotel La Borona, Gijon (Asturi"]
[Date "2011.04.30"]
[Round "2.6"]
[White "Clopes Llahi, Judit"]
[Black "Suarez Calvo, Alesandra"]
[Result "0-1"]
[WhiteElo "2094"]
[BlackElo "2006"]
[PlyCount "66"]
[EventDate "2011.04.29"]

1. e4 e6 2. d4 d5 3. Nd2 Nf6 4. e5 Nfd7 5. Bd3 c5 6. c3 Nc6 7. Ne2 cxd4 8. cxd4
Qb6 9. Nf3 f6 10. exf6 Nxf6 11. O-O Bd6 12. Bf4 Bxf4 13. Nxf4 O-O 14. Qd2 Qc7
15. Rad1 Ne4 16. Bxe4 dxe4 17. Ne5 Nxe5 18. dxe5 Qxe5 19. Ne2 b6 20. Nc3 Bb7
21. Rfe1 Rf4 22. f3 Raf8 23. fxe4 Qc5+ 24. Qd4 Qxd4+ 25. Rxd4 Rf2 26. Rd7 Ba6
27. h3 Bf1 28. Re3 Rxg2+ 29. Kh1 Rxb2 30. Rg3 g6 31. Rxa7 Bxh3 32. Nd1 Rf1+ 33.
Rg1 Rb1 0-1

[Event "CTO DE ESPANA DE SELECCIONES AUTONOMICAS"]
[Site "Hotel La Borona, Gijon (Asturi"]
[Date "2011.04.30"]
[Round "2.2"]
[White "De La Cruz Revilla, Miguel"]
[Black "Forcen Esteban, Daniel"]
[Result "1/2-1/2"]
[WhiteElo "1997"]
[BlackElo "2425"]
[PlyCount "89"]
[EventDate "2011.04.29"]

1. e4 c5 2. Nf3 Nc6 3. d4 cxd4 4. Nxd4 g6 5. c4 Bg7 6. Be3 Nf6 7. Nc3 Qa5 8. f3
d6 9. Qd2 O-O 10. Be2 Nxd4 11. Bxd4 Be6 12. O-O Rfc8 13. b3 b5 14. b4 Qxb4 15.
Rab1 Qa5 16. Rxb5 Qd8 17. Nd5 Nxd5 18. exd5 Bd7 19. Rb3 e5 20. dxe6 Bxe6 21.
Bxg7 Kxg7 22. Qd4+ Qf6 23. Qxf6+ Kxf6 24. Rd1 Rc6 25. f4 Bxc4 26. Bxc4 Rxc4 27.
Rxd6+ Kg7 28. Rf3 Rb8 29. Rd2 Rb1+ 30. Kf2 Ra4 31. Kg3 Ra1 32. Rff2 h5 33. Kh3
a5 34. g3 Ra3 35. Rfe2 Kh6 36. Rc2 a4 37. Rb2 Rf1 38. Re4 Rh1 39. Re7 f6 40.
Re6 h4 41. Kg2 Ra1 42. Rxf6 R3xa2 43. Rxa2 Rxa2+ 44. Kh3 hxg3 45. hxg3 1/2-1/2

[Event "CTO DE ESPANA DE SELECCIONES AUTONOMICAS"]
[Site "Hotel La Borona, Gijon (Asturi"]
[Date "2011.04.30"]
[Round "2.3"]
[White "Ramiro Ovejero, Juan Luis"]
[Black "Cernuda Orejas, Victor Manuel"]
[Result "1-0"]
[WhiteElo "2350"]
[BlackElo "1931"]
[PlyCount "149"]
[EventDate "2011.04.29"]

1. e4 e6 2. d4 d5 3. Nd2 dxe4 4. Nxe4 Nf6 5. Nxf6+ Qxf6 6. Nf3 Qd8 7. Be3 Be7
8. Bd3 Bd7 9. Qe2 Bf6 10. O-O-O Bc6 11. Ne5 Bxe5 12. dxe5 Qd5 13. Bc4 Qxe5 14.
Qd2 Nd7 15. Rhe1 Qe4 16. Bd4 Qg6 17. f3 h6 18. Kb1 Nb6 19. Bd3 Qg5 20. Qc3 Na4
21. Qb4 a5 22. Qc4 O-O 23. Be4 Nb6 24. Qc3 Na4 25. Qa3 Nb6 26. Bxc6 bxc6 27.
Qc3 Nd5 28. Qd2 Qxd2 29. Rxd2 Rab8 30. c4 Nb6 31. Kc1 Rfd8 32. b3 a4 33. Kc2
axb3+ 34. axb3 Ra8 35. Red1 f6 36. Kc3 Rac8 37. Be3 Rxd2 38. Rxd2 Kf7 39. Kb4
Ra8 40. Kc5 Ra3 41. Rd3 Ra6 42. Kxc6 Nxc4+ 43. Kb5 Ne5 44. Rd2 Ra3 45. Kb4 Ra8
46. f4 Rb8+ 47. Kc3 Ng4 48. Bg1 f5 49. Rd7+ Kg6 50. Rxc7 Nf6 51. Kc4 Nd5 52.
Rc6 Kf7 53. Bc5 Nxf4 54. Bd6 Rxb3 55. Kxb3 Nxg2 56. Kc3 Nh4 57. Kd4 g5 58. Rc7+
Kg6 59. Ke5 f4 60. Kxe6 Nf3 61. h3 h5 62. Kd5 Ng1 63. h4 f3 64. Bg3 Ne2 65. Bf2
Kf5 66. hxg5 Nf4+ 67. Kc4 Ne6 68. Rf7+ Kxg5 69. Rxf3 Kg4 70. Rg3+ Kf4 71. Rh3
Kg4 72. Rh4+ Kg5 73. Kd3 Nf4+ 74. Ke4 Ne2 75. Kf3 1-0

[Event "CTO DE ESPANA DE SELECCIONES AUTONOMICAS"]
[Site "Hotel La Borona, Gijon (Asturi"]
[Date "2011.04.30"]
[Round "2.4"]
[White "Galvan Prieto, Albano"]
[Black "Chueca Forcen, Alberto"]
[Result "0-1"]
[WhiteElo "1859"]
[BlackElo "2289"]
[PlyCount "82"]
[EventDate "2011.04.29"]

1. e4 Nf6 2. e5 Nd5 3. c4 Nb6 4. d4 d6 5. exd6 exd6 6. Nf3 Be7 7. Be2 Bg4 8. b3
O-O 9. Nc3 Re8 10. O-O Bf6 11. Be3 d5 12. c5 Nc8 13. Rc1 c6 14. h3 Bxf3 15.
Bxf3 Ne7 16. Qd3 Nd7 17. Ne2 g6 18. g4 Bg7 19. Ng3 Rf8 20. Bg2 f5 21. f4 Qc7
22. g5 h6 23. h4 hxg5 24. hxg5 Rfe8 25. Rf2 Nf8 26. Nf1 Ne6 27. Nh2 b6 28. b4
a5 29. a3 axb4 30. axb4 bxc5 31. bxc5 Ra4 32. Rd1 Rxd4 33. Qe2 Rxd1+ 34. Qxd1
d4 35. Bc1 Nxc5 36. Ba3 Ne4 37. Bxe4 fxe4 38. Ng4 e3 39. Rf3 Nd5 40. Nh6+ Bxh6
41. gxh6 e2 0-1

[Event "CTO DE ESPANA DE SELECCIONES AUTONOMICAS"]
[Site "Hotel La Borona, Gijon (Asturi"]
[Date "2011.04.30"]
[Round "2.5"]
[White "Moreno Gracia, Daniel"]
[Black "Rodriguez Garcia, Carlos"]
[Result "1-0"]
[WhiteElo "2276"]
[BlackElo "1755"]
[PlyCount "61"]
[EventDate "2011.04.29"]

1. c4 f5 2. g3 Nf6 3. Bg2 g6 4. Nf3 Bg7 5. O-O O-O 6. Nc3 d6 7. d3 e5 8. b4 Nh5
9. Qb3 Nd7 10. c5+ Kh8 11. Ng5 Qe7 12. Nd5 Qd8 13. cxd6 cxd6 14. Ne6 Nc5 15.
Nxd8 Nxb3 16. axb3 Rxd8 17. Bg5 Rg8 18. Nc7 Rb8 19. Bd5 e4 20. Rad1 Nf6 21.
Bxf6 Bxf6 22. Bxg8 Kxg8 23. dxe4 Bc3 24. Rxd6 Bxb4 25. Rd8+ Kf7 26. e5 Bc3 27.
e6+ Ke7 28. Rfd1 Ba5 29. Re8+ Kf6 30. Nd5+ Kg7 31. Rc1 1-0

[Event "CTO DE ESPANA DE SELECCIONES AUTONOMICAS"]
[Site "Hotel La Borona, Gijon (Asturi"]
[Date "2011.04.30"]
[Round "2.6"]
[White "Bastida Rodriguez, Ines"]
[Black "Colas Perez, Patricia"]
[Result "0-1"]
[WhiteElo "1585"]
[BlackElo "1815"]
[PlyCount "66"]
[EventDate "2011.04.29"]

1. e4 d6 2. d4 Nf6 3. Bd3 g6 4. Bg5 h6 5. Bh4 Bg7 6. c3 Nc6 7. Nd2 O-O 8. Bxf6
Bxf6 9. Qc2 e5 10. d5 Ne7 11. Ne2 c6 12. c4 Bd7 13. f4 Qb6 14. fxe5 Bxe5 15.
Nc3 cxd5 16. exd5 Qe3+ 17. Be2 Bf5 18. Qd1 Bg4 19. Nf1 Bxc3+ 20. bxc3 Qxc3+ 21.
Nd2 Bxe2 22. Kxe2 Nf5 23. Nf3 Rfe8+ 24. Kf2 Qe3+ 25. Kf1 Qc5 26. Qd3 Ne3+ 27.
Kf2 h5 28. Kg3 Nf5+ 29. Kh3 Re3 30. Qf1 Qd4 31. g3 Qg4+ 32. Kg2 Rxf3 33. Qb1
Ne3+ 0-1

[Event "CTO DE ESPANA DE SELECCIONES AUTONOMICAS"]
[Site "Hotel La Borona, Gijon (Asturi"]
[Date "2011.04.30"]
[Round "2.1"]
[White "Herraiz Hidalgo, Herminio"]
[Black "Almagro Llamas, Pablo"]
[Result "1/2-1/2"]
[WhiteElo "2494"]
[BlackElo "2472"]
[PlyCount "119"]
[EventDate "2011.04.29"]

1. Nf3 Nf6 2. c4 e6 3. g3 b6 4. Bg2 Bb7 5. O-O c5 6. b3 Be7 7. Bb2 d6 8. Nc3
Nbd7 9. e3 O-O 10. d4 cxd4 11. Nxd4 Bxg2 12. Kxg2 Qc7 13. f4 a6 14. Qf3 Rac8
15. g4 Nc5 16. g5 Nfd7 17. Rad1 Rfe8 18. h4 Qb7 19. Qxb7 Nxb7 20. Rd2 Bf8 21.
Rfd1 Ndc5 22. Kf3 g6 23. Nde2 h5 24. gxh6 Bxh6 25. h5 gxh5 26. Rh1 Kf8 27. Ng3
Bg7 28. Rxh5 Nd7 29. Rh7 Bxc3 30. Bxc3 Ke7 31. Ne4 Rc6 32. Ng5 Nd8 33. e4 Rg8
34. Bb2 Nf8 35. Rh6 Rg6 36. Rxg6 Nxg6 37. Nh7 e5 38. f5 Nf4 39. Rh2 Nd3 40. Bc3
b5 41. Bd2 f6 42. Rh6 bxc4 43. Nxf6 Nf7 44. Nd5+ Kf8 45. Rg6 cxb3 46. axb3 Rc2
47. Bh6+ Nxh6 48. Rxh6 Ne1+ 49. Kg3 Rg2+ 50. Kh3 Re2 51. Rxd6 Rxe4 52. Rd8+ Kf7
53. Rd7+ Kf8 54. Rd8+ Kf7 55. Rd7+ Kf8 56. Nc7 Nf3 57. Ne6+ Ke8 58. Ra7 Nd4 59.
Ng7+ Kf8 60. Ne6+ 1/2-1/2

[Event "CTO DE ESPANA DE SELECCIONES AUTONOMICAS"]
[Site "Hotel La Borona, Gijon (Asturi"]
[Date "2011.04.30"]
[Round "2.2"]
[White "Anton Guijarro, David"]
[Black "Espinosa Aranda, Angel"]
[Result "1/2-1/2"]
[WhiteElo "2425"]
[BlackElo "2399"]
[PlyCount "92"]
[EventDate "2011.04.29"]

1. e4 c5 2. Nf3 d6 3. d4 cxd4 4. Nxd4 Nf6 5. Nc3 Nc6 6. Bg5 e6 7. Qd2 h6 8.
Nxc6 bxc6 9. Bh4 Nxe4 10. Nxe4 Qxh4 11. Nxd6+ Bxd6 12. Qxd6 Qe4+ 13. Be2 Ba6
14. O-O-O Qxe2 15. a4 Rc8 16. Qd7+ Kf8 17. Qxa7 Kg8 18. Rhe1 Qc4 19. b3 Qf4+
20. Kb1 Bc4 21. Rd4 Qxh2 22. Rxc4 Qxg2 23. Rf4 Qg6 24. f3 f5 25. Qd7 Kh7 26.
Rxe6 Qg1+ 27. Kb2 Rhf8 28. Re5 Rcd8 29. Qe6 Rde8 30. Qd6 Qh2 31. Rxe8 Rxe8 32.
Qb4 Re2 33. Rc4 Qe5+ 34. Qc3 g5 35. a5 Qxc3+ 36. Kxc3 h5 37. Rc5 h4 38. Rxf5
Kg6 39. Rf8 Kg7 40. Rd8 h3 41. Rd1 Re3+ 42. Kd4 Rxf3 43. Ke4 Rf2 44. a6 Rxc2
45. Ra1 Re2+ 46. Kf5 Re8 1/2-1/2

[Event "CTO DE ESPANA DE SELECCIONES AUTONOMICAS"]
[Site "Hotel La Borona, Gijon (Asturi"]
[Date "2011.04.30"]
[Round "2.3"]
[White "Fernandez Barrera, Victor"]
[Black "Candela Perez, Jose"]
[Result "0-1"]
[WhiteElo "2335"]
[BlackElo "2399"]
[PlyCount "182"]
[EventDate "2011.04.29"]

1. e4 c5 2. Nf3 e6 3. d4 cxd4 4. Nxd4 Nf6 5. Bd3 d6 6. O-O Nc6 7. Nxc6 bxc6 8.
c4 Be7 9. Nc3 O-O 10. Be3 e5 11. h3 Be6 12. Rc1 Rb8 13. Qd2 a5 14. Rfd1 Ne8 15.
b3 g6 16. Be2 Nc7 17. Na4 Ne8 18. Bf3 c5 19. Qe1 Bd7 20. Nc3 Bg5 21. Rb1 Bxe3
22. Qxe3 Bc6 23. a4 Rb7 24. Qxc5 dxc5 25. Rxd8 Ng7 26. Rd6 Rc8 27. Nb5 h5 28.
Rd3 Re7 29. Re1 Ne6 30. Rd6 Nd4 31. Bd1 Kf8 32. Nxd4 cxd4 33. Bc2 Rd7 34. Rxd7
Bxd7 35. f4 f6 36. fxe5 fxe5 37. Kf2 Ke7 38. Ke2 Rf8 39. Bd3 Kd6 40. c5+ Kxc5
41. Rc1+ Kd6 42. Bb5 Rc8 43. Bc4 Be6 44. Kd3 Bxc4+ 45. bxc4 Rb8 46. Rf1 Rb3+
47. Kc2 Rc3+ 48. Kb2 Rg3 49. Rf6+ Kc5 50. Ra6 Rxg2+ 51. Kb3 Rg3+ 52. Kb2 Kb4
53. c5 Rg2+ 54. Kb1 Rg1+ 55. Kc2 Rg2+ 56. Kb1 Kxc5 57. Rxa5+ Kc4 58. Rxe5 d3
59. Rd5 Kc3 60. Rc5+ Kd4 61. Rd5+ Kxe4 62. Rd8 Ke3 63. Re8+ Kd4 64. Kc1 Ra2 65.
Rg8 Ke3 66. Re8+ Kf4 67. Rd8 Ke4 68. Rg8 Kf5 69. Rd8 Rxa4 70. Rxd3 Kf4 71. Kd2
Ra2+ 72. Ke1 Rg2 73. Kf1 Rg3 74. Rd4+ Kf5 75. h4 Rg4 76. Rd5+ Kf6 77. Rd6+ Kg7
78. Rd7+ Kh6 79. Kf2 Rxh4 80. Kg3 Ra4 81. Rd6 h4+ 82. Kh3 Kh5 83. Rd5+ g5 84.
Rb5 Ra3+ 85. Kg2 h3+ 86. Kh2 Kh4 87. Rb4+ g4 88. Rc4 Ra2+ 89. Kg1 Re2 90. Rc3
Re1+ 91. Kf2 h2 0-1

[Event "CTO DE ESPANA DE SELECCIONES AUTONOMICAS"]
[Site "Hotel La Borona, Gijon (Asturi"]
[Date "2011.04.30"]
[Round "2.4"]
[White "Gallardo Garcia, Andres"]
[Black "Garcia Moral Garcia, Jose Danie"]
[Result "1/2-1/2"]
[WhiteElo "2370"]
[BlackElo "2317"]
[PlyCount "66"]
[EventDate "2011.04.29"]

1. d4 Nf6 2. c4 g6 3. Nc3 Bg7 4. e4 d6 5. Nf3 O-O 6. Be2 e5 7. Be3 Ng4 8. Bg5
f6 9. Bh4 Nd7 10. O-O Nh6 11. d5 g5 12. Bg3 f5 13. exf5 Nxf5 14. Ne4 h6 15.
Nfd2 Nf6 16. Bd3 Nxe4 17. Bxe4 b6 18. b4 a5 19. a3 axb4 20. axb4 Rxa1 21. Qxa1
g4 22. Qe1 Qg5 23. f4 exf4 24. Bxf4 Qe7 25. Qe2 h5 26. Qd3 Qf6 27. g3 Qd4+ 28.
Kg2 Qxd3 29. Bxd3 Bc3 30. b5 Be5 31. Bg5 Bf6 32. Bxf5 Bxg5 33. Bxc8 Bxd2
1/2-1/2

[Event "CTO DE ESPANA DE SELECCIONES AUTONOMICAS"]
[Site "Hotel La Borona, Gijon (Asturi"]
[Date "2011.04.30"]
[Round "2.5"]
[White "Villasenor Rubio, Emilio Jose"]
[Black "Suarez Uriel, Adrian"]
[Result "1-0"]
[WhiteElo "2154"]
[BlackElo "2192"]
[PlyCount "105"]
[EventDate "2011.04.29"]

1. e4 c5 2. Nf3 Nc6 3. d4 cxd4 4. Nxd4 g6 5. Nc3 Bg7 6. Be3 Nf6 7. Bc4 O-O 8.
Bb3 e6 9. O-O d5 10. exd5 exd5 11. h3 Na5 12. Qf3 Nxb3 13. axb3 a6 14. Rad1 Qa5
15. Rfe1 Bd7 16. Bf4 Bc6 17. Be5 Qd8 18. b4 Re8 19. b5 axb5 20. Ndxb5 Ne4 21.
Bxg7 Kxg7 22. Nxe4 dxe4 23. Qc3+ Qf6 24. Qxf6+ Kxf6 25. Nc7 Ke5 26. Nxa8 Rxa8
27. Ra1 Re8 28. Red1 f5 29. b4 Kf4 30. g3+ Kg5 31. Ra3 Bb5 32. Rd5 Be2 33. Rd2
Bb5 34. Rd5 Be2 35. Rd7 b5 36. Rd2 Bc4 37. Kg2 Re6 38. Ra7 h6 39. Ra3 Kf6 40.
Ra7 g5 41. Rdd7 Rc6 42. Rh7 Ke5 43. c3 Rf6 44. Rad7 f4 45. Rhe7+ Re6 46. gxf4+
gxf4 47. Rxe6+ Kxe6 48. Rh7 e3 49. fxe3 fxe3 50. Rxh6+ Ke5 51. Kf3 e2 52. Kf2
Ke4 53. Rd6 1-0